[Event "4NCL Division 3 South"]
[Site "Milton Keynes, ENG"]
[Date "2022.03.26"]
[Round "5.14"]
[White "Wilks, Simon"]
[Black "Webster, Peter A N"]
[Result "1-0"]
[WhiteElo "2061"]
[BlackElo "1935"]
[PlyCount "65"]
[EventDate "2022.03.26"]
[WhiteTeam "SchachAttack"]
[BlackTeam "Cambridge University 2"]

1. e4 e6 2. d4 d5 3. Nc3 Bb4 4. exd5 exd5 5. Bd3 Nc6 6. a3 Bxc3+ 7. bxc3 Nf6 8.
Ne2 Bg4 9. Rb1 Na5 10. f3 Bh5 11. O-O O-O 12. Bg5 c6 13. Ng3 Bg6 14. f4 Bxd3
15. cxd3 Qd6 16. Qa4 b6 17. Rbe1 Rfe8 18. Bxf6 Qxf6 19. Re5 Rxe5 20. fxe5 Qg5
21. Qd1 Rf8 22. Nf5 Nb7 23. h4 Qd8 24. Qg4 g6 25. Rf3 h5 26. Qf4 gxf5 27. Rg3+
Kh7 28. Qxf5+ Kh6 29. Rg5 Qxg5 30. Qxg5+ Kh7 31. Qxh5+ Kg8 32. Qg5+ Kh7 33. Qe7
1-0

[Event "4NCL Division 3 South"]
[Site "Milton Keynes, ENG"]
[Date "2022.03.26"]
[Round "5.15"]
[White "OShea, Colm"]
[Black "Burrows, Nick"]
[Result "0-1"]
[WhiteElo "1850"]
[BlackElo "2033"]
[PlyCount "80"]
[EventDate "2022.03.26"]
[WhiteTeam "Cambridge University 2"]
[BlackTeam "SchachAttack"]

1. e4 c6 2. c4 d5 3. cxd5 cxd5 4. exd5 Nf6 5. Nc3 Nxd5 6. Nf3 Nc6 7. Bb5 g6 8.
d4 Bg7 9. O-O O-O 10. Re1 Bg4 11. Bxc6 bxc6 12. Be3 Re8 13. h3 Bxf3 14. Qxf3
Nxc3 15. bxc3 Qd5 16. Qe2 e5 17. Qd1 exd4 18. cxd4 Red8 19. Qb3 Bxd4 20. Qxd5
Rxd5 21. Bxd4 Rxd4 22. Red1 Rad8 23. Rxd4 Rxd4 24. Rc1 Rd6 25. Rb1 c5 26. Rb7
Ra6 27. Rc7 Ra5 28. a4 Kg7 29. h4 Kf6 30. Kf1 Ke5 31. Rxf7 Kd4 32. Ke2 Kc3 33.
Rf3+ Kc2 34. h5 c4 35. hxg6 hxg6 36. Rg3 g5 37. Rg4 Re5+ 38. Kf3 c3 39. Rc4 Kd3
40. Rc8 Rf5+ 0-1

[Event "4NCL Division 3 South"]
[Site "Milton Keynes, ENG"]
[Date "2022.03.26"]
[Round "5.16"]
[White "Moyse, Nigel John"]
[Black "Gooding, Ian"]
[Result "1/2-1/2"]
[WhiteElo "1984"]
[BlackElo "1928"]
[PlyCount "81"]
[EventDate "2022.03.26"]
[WhiteTeam "SchachAttack"]
[BlackTeam "Cambridge University 2"]

1. d4 d5 2. Bf4 Nf6 3. c3 c5 4. e3 Qb6 5. Qb3 Nc6 6. Nd2 c4 7. Qxb6 axb6 8. a3
Bf5 9. h3 e6 10. Ngf3 Be7 11. g4 Bg6 12. Ne5 b5 13. Rc1 Nxe5 14. Bxe5 O-O 15.
f3 Nd7 16. Bg3 Nb6 17. Rh2 h5 18. Rf2 Na4 19. Nb1 f5 20. gxf5 Bxf5 21. Bg2 Bd3
22. f4 g5 23. Bf3 Bg6 24. Bd1 gxf4 25. exf4 Bd6 26. Bxa4 bxa4 27. Nd2 Bf5 28.
h4 Bd3 29. Nf1 Rf7 30. Kd2 Raf8 31. f5 Be7 32. Ne3 Bxf5 33. Rcf1 Bd3 34. Rxf7
Rxf7 35. Rxf7 Kxf7 36. Ke1 Be4 37. Kf2 Bf8 38. Bf4 Kg6 39. Kg3 Be7 40. Be5 Bd8
41. Bf4 1/2-1/2

[Event "4NCL Division 3 South"]
[Site "Milton Keynes, ENG"]
[Date "2022.03.26"]
[Round "5.21"]
[White "Finn, Peter"]
[Black "Cooksey, Paul S"]
[Result "1/2-1/2"]
[WhiteElo "2160"]
[BlackElo "2285"]
[PlyCount "46"]
[EventDate "2022.03.26"]
[WhiteTeam "CSC 1"]
[BlackTeam "Crowthorne A"]

1. e4 c6 2. d4 d5 3. e5 Bf5 4. Nd2 e6 5. Nb3 a6 6. Nf3 c5 7. dxc5 Bxc5 8. Nxc5
Qa5+ 9. c3 Qxc5 10. Nd4 Ne7 11. Be3 Qa5 12. h4 h6 13. g4 Be4 14. f3 Bh7 15. f4
Be4 16. Rh2 Nbc6 17. h5 Nxd4 18. Bxd4 Nc6 19. b4 Qc7 20. Bc5 f6 21. Bd6 Qb6 22.
Bc5 Qc7 23. Bd6 Qb6 1/2-1/2

[Event "4NCL Division 3 South"]
[Site "Milton Keynes, ENG"]
[Date "2022.03.26"]
[Round "5.22"]
[White "Webb, Richard M"]
[Black "Frostick, Clive A"]
[Result "1/2-1/2"]
[WhiteElo "2208"]
[BlackElo "2109"]
[PlyCount "29"]
[EventDate "2022.03.26"]
[WhiteTeam "Crowthorne A"]
[BlackTeam "CSC 1"]

1. e4 c5 2. Nc3 e6 3. Nf3 Nc6 4. d4 cxd4 5. Nxd4 Nf6 6. Ndb5 Bb4 7. a3 Bxc3+ 8.
Nxc3 d5 9. exd5 exd5 10. Bd3 O-O 11. O-O d4 12. Ne4 Bf5 13. Bg5 Bxe4 14. Bxe4
h6 15. Bxf6 1/2-1/2

[Event "4NCL Division 3 South"]
[Site "Milton Keynes, ENG"]
[Date "2022.03.26"]
[Round "5.23"]
[White "Kalitsis, Nikolaos"]
[Black "Thompson, Ian D"]
[Result "0-1"]
[WhiteElo "2033"]
[BlackElo "2066"]
[PlyCount "57"]
[EventDate "2022.03.26"]
[WhiteTeam "CSC 1"]
[BlackTeam "Crowthorne A"]

1. e4 e6 2. d4 d5 3. exd5 exd5 4. c4 Bb4+ 5. Nc3 Ne7 6. Nf3 Bg4 7. Bd3 dxc4 8.
Bxc4 O-O 9. a3 Bxc3+ 10. bxc3 Nbc6 11. O-O Nd5 12. Qd3 Qd7 13. Nh4 Rad8 14. f4
Nb6 15. Bb3 Be6 16. Bxe6 Qxe6 17. f5 Qc4 18. Qg3 f6 19. Rb1 Rf7 20. Rf3 Re7 21.
Ng6 hxg6 22. fxg6 Re4 23. Bf4 Ne7 24. Bxc7 Re8 25. Bxb6 axb6 26. Rxb6 Nf5 27.
Rxf5 Re1+ 28. Qxe1 Rxe1+ 29. Kf2 0-1

[Event "4NCL Division 3 South"]
[Site "Milton Keynes, ENG"]
[Date "2022.03.26"]
[Round "5.24"]
[White "Coates, Kenneth G"]
[Black "Scrimgour, Alan"]
[Result "1/2-1/2"]
[WhiteElo "2048"]
[BlackElo "2055"]
[PlyCount "36"]
[EventDate "2022.03.26"]
[WhiteTeam "Crowthorne A"]
[BlackTeam "CSC 1"]

1. d4 Nf6 2. Bg5 e6 3. e4 h6 4. Bxf6 Qxf6 5. Qd2 c5 6. c3 cxd4 7. cxd4 Nc6 8.
e5 Qd8 9. Nc3 Bb4 10. f4 d6 11. Nf3 dxe5 12. fxe5 Bd7 13. Be2 Rc8 14. O-O O-O
15. Rac1 Na5 16. Qf4 Bxc3 17. Rxc3 Rxc3 18. bxc3 b5 1/2-1/2

[Event "4NCL Division 3 South"]
[Site "Milton Keynes, ENG"]
[Date "2022.03.26"]
[Round "5.25"]
[White "Gopakumar, Siddharth"]
[Black "Purdon, Colin"]
[Result "1/2-1/2"]
[WhiteElo "1872"]
[BlackElo "1992"]
[PlyCount "43"]
[EventDate "2022.03.26"]
[WhiteTeam "CSC 1"]
[BlackTeam "Crowthorne A"]

1. e4 c6 2. d4 d5 3. Nc3 dxe4 4. Nxe4 Nf6 5. Nxf6+ exf6 6. Nf3 Bd6 7. Bd3 O-O
8. O-O Bg4 9. h3 Bh5 10. Re1 Nd7 11. c4 c5 12. g4 Bg6 13. Be3 Qc7 14. d5 Rfe8
15. Qd2 a6 16. Rac1 Bxd3 17. Qxd3 b5 18. b3 b4 19. Bd2 a5 20. Rxe8+ Rxe8 21. a4
Ne5 22. Nxe5 1/2-1/2

[Event "4NCL Division 3 South"]
[Site "Milton Keynes, ENG"]
[Date "2022.03.26"]
[Round "5.26"]
[White "Tart, Peter K"]
[Black "Vachtfeidl, Petr"]
[Result "0-1"]
[WhiteElo "1894"]
[BlackElo "1861"]
[PlyCount "98"]
[EventDate "2022.03.26"]
[WhiteTeam "Crowthorne A"]
[BlackTeam "CSC 1"]

1. e4 e5 2. Nf3 Nc6 3. d4 exd4 4. Bc4 Bc5 5. c3 d3 6. Qxd3 d6 7. O-O Nf6 8. b4
Bb6 9. Bg5 O-O 10. a4 a5 11. b5 Ne5 12. Nxe5 dxe5 13. Qf3 Be6 14. Na3 h6 15.
Bh4 Qe7 16. Bxe6 Qxe6 17. Bxf6 Qxf6 18. Qxf6 gxf6 19. Rfd1 Rfd8 20. Nc4 Kf8 21.
Kf1 Ke7 22. Ke2 Ke6 23. Ne3 Bxe3 24. Kxe3 f5 25. f4 exf4+ 26. Kxf4 fxe4 27.
Kxe4 f5+ 28. Kf4 Rxd1 29. Rxd1 Rg8 30. Kf3 Rg4 31. Rd4 Rxd4 32. cxd4 Kd5 33.
Kf4 Kxd4 34. Kxf5 c5 35. bxc6 bxc6 36. Kg6 c5 37. Kxh6 c4 38. g4 c3 39. g5 c2
40. h4 c1=Q 41. h5 Ke5 42. Kg6 Qc6+ 43. Kf7 Qd7+ 44. Kg6 Qxa4 45. h6 Kf4 46. h7
Qc2+ 47. Kh6 Qh2+ 48. Kg6 Qh4 49. Kg7 Kxg5 0-1

[Event "4NCL Division 3 South"]
[Site "Milton Keynes, ENG"]
[Date "2022.03.26"]
[Round "5.31"]
[White "Hughes, Roy"]
[Black "Seymour, Timothy P"]
[Result "0-1"]
[WhiteElo "2062"]
[BlackElo "2096"]
[PlyCount "104"]
[EventDate "2022.03.26"]
[WhiteTeam "Iceni 1"]
[BlackTeam "Surbiton"]

1. d4 Nf6 2. Nf3 d5 3. g3 c5 4. Bg2 cxd4 5. O-O h6 6. Ne5 Qb6 7. c4 Nbd7 8.
Nxd7 Bxd7 9. cxd5 e6 10. dxe6 Bxe6 11. Nd2 Rd8 12. Qa4+ Bd7 13. Qb3 Bc6 14.
Qxb6 axb6 15. Nb3 Bc5 16. Bf4 O-O 17. Rac1 Rfe8 18. Rfe1 g5 19. Bd2 Bxg2 20.
Kxg2 Ne4 21. a3 d3 22. e3 Rd5 23. Red1 Red8 24. Bc3 g4 25. Nd2 f5 26. Nb3 d2
27. Rc2 Rd3 28. Nd4 Bxd4 29. Bxd4 Rb3 30. Kf1 Rd7 31. Ke2 Kf7 32. Rc4 h5 33.
Bc3 Nxc3+ 34. Rxc3 Rxb2 35. a4 Ke6 36. Ra3 Rd5 37. Rd3 Kd6 38. R1xd2 Rxd2+ 39.
Rxd2 Rxd2+ 40. Kxd2 Kc5 41. Kc3 b5 42. axb5 Kxb5 43. Kd4 Kc6 44. Ke5 b5 45.
Kxf5 Kc5 46. e4 b4 47. e5 b3 48. e6 b2 49. e7 b1=Q+ 50. Ke6 Qg6+ 51. Kd7 Qf7
52. Kd8 Kd6 0-1

[Event "4NCL Division 3 South"]
[Site "Milton Keynes, ENG"]
[Date "2022.03.26"]
[Round "5.32"]
[White "Scott, David A"]
[Black "Sagues, Vincent"]
[Result "1/2-1/2"]
[WhiteElo "2122"]
[BlackElo "2055"]
[PlyCount "48"]
[EventDate "2022.03.26"]
[WhiteTeam "Surbiton"]
[BlackTeam "Iceni 1"]

1. d4 d5 2. c4 c6 3. Nf3 Nf6 4. Qb3 dxc4 5. Qxc4 Bf5 6. g3 e6 7. Bg2 Be7 8. O-O
O-O 9. e3 Nbd7 10. Rd1 Qc7 11. Nc3 Ne4 12. Nd2 Nxc3 13. Qxc3 e5 14. d5 Rac8 15.
dxc6 bxc6 16. b3 Bg4 17. Re1 Be6 18. Bb2 f6 19. Rac1 Nc5 20. Ne4 Na6 21. a3 Bd5
22. b4 Qb7 23. Nc5 Nxc5 24. bxc5 Bxg2 1/2-1/2

[Event "4NCL Division 3 South"]
[Site "Milton Keynes, ENG"]
[Date "2022.03.26"]
[Round "5.33"]
[White "Gibbs, Dominic V"]
[Black "Singleton, Michael P F"]
[Result "1/2-1/2"]
[WhiteElo "1986"]
[BlackElo "2060"]
[PlyCount "115"]
[EventDate "2022.03.26"]
[WhiteTeam "Iceni 1"]
[BlackTeam "Surbiton"]

1. e4 c5 2. c3 d6 3. Nf3 Nf6 4. Bd3 g6 5. Bc2 Bg7 6. h3 O-O 7. O-O Nc6 8. Re1
b6 9. Ba4 Bb7 10. d4 Qc7 11. d5 Ne5 12. Nxe5 dxe5 13. Bg5 Nh5 14. Nd2 f6 15.
Be3 Nf4 16. Nc4 Rad8 17. Rc1 a6 18. Bxf4 exf4 19. Qb3 b5 20. d6 exd6 21. Nxd6+
c4 22. Nxb5 axb5 23. Qxb5 Rd6 24. b3 Ba6 25. Qb4 Rb8 26. Qa3 Rd2 27. Rcd1 Rbd8
28. Qc1 Qd6 29. b4 f3 30. Rxd2 Qxd2 31. Qxd2 Rxd2 32. gxf3 Rxa2 33. Bc6 Rb2 34.
Ra1 f5 35. Rxa6 Bxc3 36. b5 Bd4 37. Bd5+ Kg7 38. Bxc4 Rxf2 39. Kh1 Rxf3 40.
exf5 Rxh3+ 41. Kg2 Rc3 42. Rc6 gxf5 43. Be6 f4 44. Rxc3 Bxc3 45. Bd5 Kf6 46.
Bc6 Bd4 47. Bf3 Kg5 48. Bc6 Ba7 49. Bf3 Kf5 50. Bc6 Ke5 51. Bf3 Kd4 52. Bc6 Ke3
53. Bf3 Bc5 54. Bc6 h5 55. Bf3 h4 56. Bc6 Bb6 57. Kh3 Bd8 58. b6 1/2-1/2

[Event "4NCL Division 3 South"]
[Site "Milton Keynes, ENG"]
[Date "2022.03.26"]
[Round "5.34"]
[White "Faulks, Nick"]
[Black "Lewis, Stephen"]
[Result "0-1"]
[WhiteElo "1844"]
[BlackElo "1941"]
[PlyCount "76"]
[EventDate "2022.03.26"]
[WhiteTeam "Surbiton"]
[BlackTeam "Iceni 1"]

1. c4 Nf6 2. Nc3 c5 3. Nf3 Nc6 4. e3 e6 5. d4 cxd4 6. exd4 d5 7. Bf4 Bb4 8. c5
Ne4 9. Rc1 Qf6 10. Be3 h6 11. Bd3 Nxc3 12. bxc3 Ba5 13. O-O O-O 14. Bb1 g5 15.
Re1 Bc7 16. Qc2 Qg7 17. Ne5 f5 18. f4 Nxe5 19. fxe5 Bd7 20. c4 Bc6 21. a4 dxc4
22. Ba2 Rfd8 23. Bxc4 Bd5 24. Qb3 Ba5 25. Re2 Qd7 26. Rb2 b6 27. Bxd5 Qxd5 28.
Qxd5 Rxd5 29. c6 Rc8 30. Rb5 Kf7 31. Kf2 f4 32. Bxf4 gxf4 33. Rxd5 exd5 34. Kf3
Ke6 35. Kg4 a6 36. Kh5 b5 37. axb5 axb5 38. Rc5 Bb6 0-1

[Event "4NCL Division 3 South"]
[Site "Milton Keynes, ENG"]
[Date "2022.03.26"]
[Round "5.35"]
[White "Rosenbach, Martin"]
[Black "Davies, Neil"]
[Result "1/2-1/2"]
[WhiteElo "1950"]
[BlackElo "1804"]
[PlyCount "42"]
[EventDate "2022.03.26"]
[WhiteTeam "Iceni 1"]
[BlackTeam "Surbiton"]

1. c4 c5 2. g3 g6 3. Bg2 Bg7 4. Nc3 Nc6 5. e3 d6 6. Nge2 Nf6 7. d4 O-O 8. O-O
cxd4 9. exd4 a6 10. a4 Bf5 11. Be3 Ng4 12. Nd5 Nxe3 13. Nxe3 Bd7 14. Rb1 a5 15.
b3 Rb8 16. d5 Nb4 17. Nd4 Qb6 18. Nb5 Bxb5 19. axb5 Qd4 20. Qxd4 Bxd4 21. Rfe1
Rfe8 1/2-1/2

[Event "4NCL Division 3 South"]
[Site "Milton Keynes, ENG"]
[Date "2022.03.26"]
[Round "5.36"]
[White "Alcock, Graham P"]
[Black "Lightfoot, Malcolm J"]
[Result "1/2-1/2"]
[WhiteElo "1747"]
[BlackElo "1934"]
[PlyCount "48"]
[EventDate "2022.03.26"]
[WhiteTeam "Surbiton"]
[BlackTeam "Iceni 1"]

1. e4 c5 2. d4 cxd4 3. c3 Nf6 4. e5 Nd5 5. Qxd4 e6 6. Nf3 Nc6 7. Qe4 d6 8. exd6
Bxd6 9. Bc4 Nf6 10. Qe2 h6 11. O-O O-O 12. h3 Qc7 13. Nbd2 Bd7 14. Bb3 Ne5 15.
Nxe5 Bxe5 16. Re1 Bd6 17. Ne4 Nxe4 18. Qxe4 e5 19. Bxh6 gxh6 20. Qg6+ Kh8 21.
Qxh6+ Kg8 22. Re4 Be7 23. Qg6+ Kh8 24. Qh6+ Kg8 1/2-1/2

[Event "4NCL Division 3 South"]
[Site "Milton Keynes, ENG"]
[Date "2022.03.26"]
[Round "5.41"]
[White "Wilson, Jaimie"]
[Black "Robinson, James"]
[Result "1-0"]
[WhiteElo "2094"]
[BlackElo "1925"]
[PlyCount "67"]
[EventDate "2022.03.26"]
[WhiteTeam "Wessex Some Stars A"]
[BlackTeam "Barnet Knights B"]

1. e4 e5 2. Nf3 Nc6 3. Nc3 d6 4. d4 Be7 5. Bb5 exd4 6. Nxd4 Bd7 7. Be3 Nxd4 8.
Bxd7+ Qxd7 9. Bxd4 Nf6 10. Qd3 O-O 11. O-O-O c6 12. Bxf6 Bxf6 13. Qxd6 Qxd6 14.
Rxd6 Bxc3 15. bxc3 Rfe8 16. f3 Rad8 17. Rhd1 Rxd6 18. Rxd6 Kf8 19. Rd7 Re7 20.
Rd8+ Re8 21. Rxe8+ Kxe8 22. Kd2 Kd7 23. Kd3 Kd6 24. Kd4 b6 25. e5+ Ke6 26. Ke4
a5 27. f4 h5 28. f5+ Ke7 29. Kf4 b5 30. Kg5 c5 31. Kxh5 c4 32. Kg5 b4 33. Kf4
g6 34. g4 1-0

[Event "4NCL Division 3 South"]
[Site "Milton Keynes, ENG"]
[Date "2022.03.26"]
[Round "5.42"]
[White "Eedle, Eric F"]
[Black "Lukosius, Rolandas"]
[Result "1-0"]
[WhiteElo "1854"]
[BlackElo "2069"]
[PlyCount "103"]
[EventDate "2022.03.26"]
[WhiteTeam "Barnet Knights B"]
[BlackTeam "Wessex Some Stars A"]

1. d4 Nf6 2. c4 g6 3. f3 Bg7 4. e4 d6 5. Nc3 O-O 6. Nge2 Nc6 7. Bg5 a6 8. Qd2
e5 9. d5 Nd4 10. Nxd4 exd4 11. Ne2 h6 12. Bf4 Nh5 13. Bxh6 Qh4+ 14. Kd1 d3 15.
Nc3 Ng3 16. Bxg7 Kxg7 17. Qf2 Rh8 18. hxg3 Qxh1 19. Qd4+ Kg8 20. Kd2 Rh2 21.
Qxd3 Bh3 22. Re1 Bxg2 23. Be2 Bf1 24. Qb1 Qxf3 25. Rxf1 Qxg3 26. Qd3 Qe5 27.
Kc1 Kg7 28. Qf3 f6 29. Qg4 Rf8 30. Rg1 Rh6 31. Bd3 Qd4 32. Qg3 Qe5 33. Qg4 Qh5
34. Ne2 Qxg4 35. Rxg4 Rh1+ 36. Kd2 Rh2 37. Kc3 Kh6 38. Nf4 g5 39. Ne6 Rf7 40.
Nd4 Kh5 41. Rg1 g4 42. Be2 Rg7 43. Kd3 Rg5 44. Ke3 b5 45. cxb5 axb5 46. Kf4 b4
47. Bxg4+ Kh6 48. Nf3 Rxb2 49. Rh1+ Kg7 50. Nxg5 fxg5+ 51. Kxg5 Rxa2 52. Rb1
1-0

[Event "4NCL Division 3 South"]
[Site "Milton Keynes, ENG"]
[Date "2022.03.26"]
[Round "5.43"]
[White "Goater, Kevin P"]
[Black "Erez, Uri"]
[Result "0-1"]
[WhiteElo "2056"]
[BlackElo "1751"]
[PlyCount "90"]
[EventDate "2022.03.26"]
[WhiteTeam "Wessex Some Stars A"]
[BlackTeam "Barnet Knights B"]

1. c4 c6 2. g3 d5 3. cxd5 cxd5 4. Bg2 Nf6 5. Nf3 Bf5 6. d3 e6 7. O-O Bd6 8. Nc3
Nc6 9. a3 O-O 10. b4 Qe7 11. Re1 Rfd8 12. Qb3 Bg4 13. Qa2 Rac8 14. Bd2 a6 15.
Rac1 e5 16. Bg5 Be6 17. Qb1 h6 18. Bxf6 Qxf6 19. Nd2 Bb8 20. Na4 Ba7 21. e3 Qe7
22. Nb3 Rc7 23. Nac5 Bc8 24. Rc2 b6 25. Na4 Bf5 26. Rc3 Rdc8 27. Bxd5 Qd7 28.
Bxc6 Rxc6 29. Rxc6 Qxc6 30. Nb2 Bh3 31. e4 Qc3 32. Nc4 Rxc4 33. b5 a5 34. f4 a4
35. dxc4 axb3 36. Qc1 Qd4+ 37. Qe3 Qxc4 38. Qe2 Qc5+ 39. Qe3 Qxb5 40. Rb1 Qa6
41. Kh1 Qc4 42. g4 b5 43. Qf3 Bxg4 44. Qg2 Qc2 45. Rf1 Be2 0-1

[Event "4NCL Division 3 South"]
[Site "Milton Keynes, ENG"]
[Date "2022.03.26"]
[Round "5.44"]
[White "Smith, Mark"]
[Black "Westrap, Christian F"]
[Result "0-1"]
[WhiteElo "1810"]
[BlackElo "2039"]
[PlyCount "118"]
[EventDate "2022.03.26"]
[WhiteTeam "Barnet Knights B"]
[BlackTeam "Wessex Some Stars A"]

1. d4 d5 2. Nc3 Nf6 3. Bg5 Bf5 4. f3 Nbd7 5. Nxd5 Nxd5 6. e4 h6 7. Bh4 N7b6 8.
exf5 Ne3 9. Qc1 Nxf5 10. Qf4 Qxd4 11. Qxd4 Nxd4 12. O-O-O O-O-O 13. Ne2 Nf5 14.
Rxd8+ Kxd8 15. Bf2 g6 16. Nd4 Nd6 17. Bd3 Kc8 18. Re1 Nd5 19. c3 Nf4 20. Bf1 c5
21. Nb3 b6 22. Kc2 e6 23. Nc1 Be7 24. a4 Rd8 25. Nd3 Nxd3 26. Bxd3 Nb7 27. f4
Bd6 28. g3 Na5 29. Re2 Nc6 30. Be3 h5 31. Be4 Kc7 32. b3 a5 33. Bd2 Ne7 34. Bd3
Nd5 35. Bc4 h4 36. Bxd5 exd5 37. g4 Kd7 38. Kd3 Rh8 39. h3 f6 40. c4 d4 41. Rf2
Rg8 42. f5 Bg3 43. Re2 gxf5 44. gxf5 Be5 45. Be1 Bg3 46. Bd2 Be5 47. Be1 Rg5
48. Ke4 Kd6 49. Rd2 Bg3 50. Bxg3+ Rxg3 51. Kf4 Rxh3 52. Re2 Re3 53. Rg2 Rg3 54.
Re2 d3 55. Re6+ Kd7 56. Re1 d2 57. Rd1 Rd3 58. Ke4 Rd4+ 59. Ke3 Kd6 0-1

[Event "4NCL Division 3 South"]
[Site "Milton Keynes, ENG"]
[Date "2022.03.26"]
[Round "5.45"]
[White "Pleasants, Allan J"]
[Black "Vyas, Alisha"]
[Result "1-0"]
[WhiteElo "2031"]
[BlackElo "1820"]
[PlyCount "109"]
[EventDate "2022.03.26"]
[WhiteTeam "Wessex Some Stars A"]
[BlackTeam "Barnet Knights B"]

1. Nf3 Nf6 2. g3 g6 3. Bg2 Bg7 4. d4 d6 5. O-O O-O 6. c4 c6 7. Nc3 Na6 8. h3
Bf5 9. Be3 Ne4 10. Rc1 Nxc3 11. Rxc3 Qc8 12. Kh2 Be4 13. Qd2 c5 14. Rcc1 cxd4
15. Bxd4 Qc6 16. Bxg7 Kxg7 17. Nd4 Qd7 18. Bxe4 Nc5 19. Bg2 Rab8 20. b4 Ne6 21.
Rfd1 Kg8 22. Qe3 Ng7 23. a3 Rfd8 24. Qb3 h5 25. h4 a6 26. e4 Qc7 27. Nc2 Ne8
28. Ne3 e6 29. Rc2 b6 30. Rcd2 b5 31. Rc2 Qe7 32. Qb2 Rb6 33. Qd4 Rdb8 34. Rdc1
Nc7 35. Qd2 Ne8 36. c5 dxc5 37. bxc5 Rc6 38. e5 Rc7 39. Qb4 g5 40. c6 gxh4 41.
gxh4 Kg7 42. Rd1 Kf8 43. Rd7 Qxb4 44. axb4 Rbc8 45. Ra2 Ra8 46. Nc2 Raa7 47.
Rd8 Ke7 48. Rb8 f6 49. f4 Ng7 50. Ne3 Ne8 51. Rd2 Ng7 52. Rdd8 fxe5 53. fxe5
Nf5 54. Nxf5+ exf5 55. Bd5 1-0

[Event "4NCL Division 3 South"]
[Site "Milton Keynes, ENG"]
[Date "2022.03.26"]
[Round "5.46"]
[White "Borces, Randolf Catan"]
[Black "Clark, Ian C"]
[Result "1/2-1/2"]
[WhiteElo "1800"]
[BlackElo "1964"]
[PlyCount "56"]
[EventDate "2022.03.26"]
[WhiteTeam "Barnet Knights B"]
[BlackTeam "Wessex Some Stars A"]

1. d4 Nf6 2. Nf3 e6 3. c4 d5 4. g3 Bb4+ 5. Bd2 Be7 6. Bg2 O-O 7. Qc2 Nbd7 8.
O-O c5 9. Rd1 cxd4 10. Nxd4 dxc4 11. Qxc4 Nb6 12. Qd3 e5 13. Nf5 Bc5 14. Ne3
Qxd3 15. exd3 Rd8 16. Bf1 Bg4 17. Nxg4 Nxg4 18. Be1 Na4 19. Nc3 Nxc3 20. bxc3
Rd6 21. Be2 Nf6 22. Rdb1 Rd7 23. Rb5 b6 24. a4 a6 25. Rb3 h6 26. Rab1 Rad8 27.
R1b2 a5 28. Rb5 Nd5 1/2-1/2

[Event "4NCL Division 3 South"]
[Site "Milton Keynes, ENG"]
[Date "2022.03.26"]
[Round "5.51"]
[White "Howell, Oliver W"]
[Black "Cox, Toby"]
[Result "1-0"]
[WhiteElo "2008"]
[BlackElo "2096"]
[PlyCount "129"]
[EventDate "2022.03.26"]
[WhiteTeam "Sussex Martlets 2"]
[BlackTeam "MK Phoenix 1"]

1. Nf3 f5 2. c4 Nf6 3. d4 e6 4. g3 Be7 5. Bg2 O-O 6. O-O d6 7. Nc3 Ne4 8. Qc2
Nxc3 9. Qxc3 a5 10. b3 Nc6 11. Bb2 Bf6 12. Qc2 e5 13. dxe5 dxe5 14. e4 f4 15.
Rad1 Qe7 16. gxf4 exf4 17. e5 Bg5 18. Ba3 Qxa3 19. Nxg5 Bf5 20. Be4 Qe7 21.
Nxh7 Bxe4 22. Qxe4 Rfe8 23. Qxf4 Kxh7 24. Qf5+ Kg8 25. Rd7 Qe6 26. Qxe6+ Rxe6
27. Rxc7 Nxe5 28. Rxb7 Rg6+ 29. Kh1 Nf3 30. Rd1 Re8 31. c5 Re5 32. Rb8+ Kh7 33.
Rf8 Ng5 34. Rc1 Ne6 35. Rc8 Nd4 36. c6 Reg5 37. c7 Rh5 38. Rh8+ Kxh8 39. c8=Q+
Kh7 40. h3 Rhg5 41. Qc4 Nf3 42. Qe4 Ne5 43. Kh2 Ng4+ 44. hxg4 Rxg4 45. Qxg6+
Kxg6 46. Rg1 Rxg1 47. Kxg1 Kf5 48. Kf1 Ke4 49. Ke2 Kd4 50. Kd2 Ke4 51. a3 Kd5
52. Kc2 g5 53. Kd2 Ke4 54. b4 axb4 55. axb4 Kd4 56. Ke2 g4 57. b5 Kc5 58. Ke3
Kxb5 59. Kf4 Kc6 60. Kxg4 Kd7 61. Kf5 Ke8 62. Ke6 Kf8 63. f4 Ke8 64. f5 Kf8 65.
Kf6 1-0

[Event "4NCL Division 3 South"]
[Site "Milton Keynes, ENG"]
[Date "2022.03.26"]
[Round "5.52"]
[White "Freeman, Richard C P"]
[Black "Sutton, Daniel"]
[Result "1/2-1/2"]
[WhiteElo "2043"]
[BlackElo "2029"]
[PlyCount "107"]
[EventDate "2022.03.26"]
[WhiteTeam "MK Phoenix 1"]
[BlackTeam "Sussex Martlets 2"]

1. d4 Nf6 2. Bg5 c6 3. Bxf6 exf6 4. e3 d5 5. g3 Qb6 6. b3 g6 7. Bg2 Bg7 8. Ne2
O-O 9. O-O Be6 10. Nd2 f5 11. Rc1 Nd7 12. c4 Nf6 13. c5 Qa5 14. Rc2 Ne4 15.
Nxe4 fxe4 16. Qb1 g5 17. b4 Qc7 18. b5 Bg4 19. Qb4 f5 20. Rb1 Bxe2 21. Rxe2 f4
22. Bf1 Rab8 23. b6 axb6 24. Qxb6 Qf7 25. Reb2 fxe3 26. fxe3 Qf3 27. Qb3 g4 28.
Bg2 Qf7 29. Rf1 Qe7 30. Rbf2 Rxf2 31. Rxf2 Rf8 32. Rxf8+ Bxf8 33. Qb2 h5 34.
Qf2 Bh6 35. Kf1 Qe6 36. Ke2 Kg7 37. Bf1 Kg6 38. Kd1 Qc8 39. Bg2 Qa8 40. Qc2 Kf5
41. Ke2 Qa3 42. Qd2 Bg5 43. Kf2 Qd3 44. Qe2 h4 45. Bf1 Qc3 46. gxh4 Bxh4+ 47.
Kg2 Qe1 48. a4 Kg5 49. a5 Qxa5 50. h3 Qe1 51. Qxg4+ Kf6 52. Qf4+ Kg7 53. Qg4+
Kf6 54. Qf4+ 1/2-1/2

[Event "4NCL Division 3 South"]
[Site "Milton Keynes, ENG"]
[Date "2022.03.26"]
[Round "5.53"]
[White "Hedger, Alec"]
[Black "Brown, Alan M"]
[Result "1/2-1/2"]
[WhiteElo "1889"]
[BlackElo "2027"]
[PlyCount "81"]
[EventDate "2022.03.26"]
[WhiteTeam "Sussex Martlets 2"]
[BlackTeam "MK Phoenix 1"]

1. e4 e6 2. d4 d5 3. exd5 exd5 4. c4 Nf6 5. Nc3 Be7 6. Nf3 O-O 7. Bd3 Nc6 8.
O-O Bg4 9. Be3 Nb4 10. Be2 dxc4 11. Bxc4 Nbd5 12. h3 Be6 13. Qb3 Nxe3 14. fxe3
Bxc4 15. Qxc4 c6 16. e4 Nd7 17. Rad1 Qb6 18. e5 Qb4 19. Qe2 Nb6 20. e6 Qc4 21.
exf7+ Rxf7 22. Qe4 Raf8 23. Rfe1 Nd7 24. Nd2 Qb4 25. Nb3 Qd6 26. d5 Nf6 27. Qc4
cxd5 28. Nxd5 Nxd5 29. Rxd5 Qb4 30. Qe2 Bh4 31. Red1 Qb6+ 32. Kh1 Bg3 33. Qc4
Qb4 34. Qd3 Bc7 35. Nd4 Qd2 36. Nf3 Qf2 37. Rd7 Rxf3 38. Qd5+ R3f7 39. Rxc7 Qf4
40. Rxf7 Qxf7 41. Qxf7+ 1/2-1/2

[Event "4NCL Division 3 South"]
[Site "Milton Keynes, ENG"]
[Date "2022.03.26"]
[Round "5.54"]
[White "Gardner, James"]
[Black "Howell, Chris I"]
[Result "1-0"]
[WhiteElo "2001"]
[BlackElo "1939"]
[PlyCount "107"]
[EventDate "2022.03.26"]
[WhiteTeam "MK Phoenix 1"]
[BlackTeam "Sussex Martlets 2"]

1. d4 Nf6 2. c4 g6 3. Nc3 Bg7 4. e4 d6 5. Be2 O-O 6. Nf3 Na6 7. h3 e5 8. O-O
exd4 9. Nxd4 Nc5 10. Bf3 a5 11. Bg5 Ne6 12. Nxe6 Bxe6 13. Be2 Qd7 14. Qd2 Qc6
15. Qf4 Nd7 16. Bh6 Be5 17. Qd2 Rfe8 18. Rac1 Bh8 19. f4 Bxc4 20. Nd5 Bxd5 21.
Rxc6 Bxc6 22. f5 Bxe4 23. fxg6 hxg6 24. h4 Re5 25. h5 gxh5 26. Qf4 Bg6 27. Bd3
Re7 28. Bxg6 fxg6 29. Bg5 Rf8 30. Qc4+ Ref7 31. Be7 Ne5 32. Qe6 Bg7 33. Bxf8
Bxf8 34. Rxf7 Nxf7 35. Qxg6+ Bg7 36. b3 c5 37. Qxh5 b5 38. Qd5 Bd4+ 39. Kf1 Kg7
40. g4 b4 41. Ke2 Kf6 42. Qf5+ Ke7 43. g5 Nd8 44. g6 Bf6 45. Kd3 Ne6 46. Kc4
Nd4 47. Qh5 Ne6 48. Qh7+ Ng7 49. Kd5 Kd7 50. Qg8 Ne8 51. Qf7+ Be7 52. Qe6+ Kd8
53. Kc6 Nf6 54. g7 1-0